| 000 | 02080nam a2200361Ia 4500 | ||
|---|---|---|---|
| 001 | ebr10138157 | ||
| 003 | CaPaEBR | ||
| 006 | m u | ||
| 007 | cr cn||||||||| | ||
| 008 | 050707s2005 ne a sb 001 0 eng d | ||
| 015 |
_aGBA570815 _2bnb |
||
| 020 | _z0120887738 | ||
| 020 | _z0080455123 | ||
| 040 |
_aCaPaEBR _cCaPaEBR |
||
| 035 | _a(OCoLC)76964602 | ||
| 050 | 1 | 4 |
_aQL752 _b.S524 2005eb |
| 082 | 0 | 4 |
_a591.78805195 _222 |
| 100 | 1 | _aSkalski, J. R. | |
| 245 | 1 | 0 |
_aWildlife demography _h[electronic resource] : _banalysis of sex, age, and count data / _cJohn R. Skalski and Kristen E. Ryding, Joshua J. Millspaugh. |
| 246 | 3 | 0 | _aAnalysis of sex, age, and count data |
| 260 |
_aAmsterdam ; _aBoston : _bElsevier Academic Press, _cc2005. |
||
| 300 |
_axvii, 636 p. : _bill. |
||
| 504 | _aIncludes bibliographical references (p. [599]-627) and index. | ||
| 505 | 0 | _aIntroduction -- Primer on wildlife population dynamics -- Estimating population sex ratios -- Estimating productivity -- Estimating survival -- Estimating harvest and harvest mortality -- Estimating the rate of population change -- Analysis of population indices -- Estimating population abundance -- Integration of analytical techniques -- Appendix A. Statistical concepts and theory -- Appendix B. Glossary of symbols -- Appendix C. Program USER -- Appendix D. Mathematica code for calculating the variance of the finite rate of populations change, var([circumflex over lambda]), from a matrix population model. | |
| 533 |
_aElectronic reproduction. _bPalo Alto, Calif. : _cebrary, _d2007. _nAvailable via World Wide Web. _nAccess may be limited to ebrary affiliated libraries. |
||
| 650 | 0 |
_aAnimal populations _xEstimates _xStatistical methods. |
|
| 650 | 0 |
_aAnimals _xCounting _xStatistical methods. |
|
| 655 | 7 |
_aElectronic books. _2local |
|
| 700 | 1 |
_aRyding, Kristen E. _q(Kristen Elaine) |
|
| 700 | 1 | _aMillspaugh, Joshua J. | |
| 710 | 2 | _aebrary, Inc. | |
| 856 | 4 | 0 |
_uhttp://site.ebrary.com/lib/rucke/Doc?id=10138157 _zAn electronic book accessible through the World Wide Web; click to view |
| 999 |
_c83040 _d83040 |
||